Fire control techniques (Record no. 70006)
[ view plain ]
| 000 -LEADER | |
|---|---|
| fixed length control field | 00512nam a22001697a 4500 |
| 003 - CONTROL NUMBER IDENTIFIER | |
| control field | NUST - PNEC |
| 005 - DATE AND TIME OF LATEST TRANSACTION | |
| control field | 20170116181132.0 |
| 008 - FIXED-LENGTH DATA ELEMENTS--GENERAL INFORMATION | |
| fixed length control field | 151004b xxu||||| |||| 00| 0 eng d |
| 020 ## - INTERNATIONAL STANDARD BOOK NUMBER | |
| International Standard Book Number | - |
| 040 ## - CATALOGING SOURCE | |
| Transcribing agency | LIBRARY |
| 082 ## - DEWEY DECIMAL CLASSIFICATION NUMBER | |
| Classification number | 623.558 PHI |
| 100 ## - MAIN ENTRY--PERSONAL NAME | |
| 9 (RLIN) | 13647 |
| Personal name | Philips |
| 245 ## - TITLE STATEMENT | |
| Title | Fire control techniques |
| Statement of responsibility, etc. | Philips elektronikindustries AB |
| 260 ## - PUBLICATION, DISTRIBUTION, ETC. | |
| Date of publication, distribution, etc. | c.1978 |
| Name of publisher, distributor, etc. | Philips elektronikindustries AB |
| 650 ## - SUBJECT ADDED ENTRY--TOPICAL TERM | |
| 9 (RLIN) | 14017 |
| Topical term or geographic name entry element | Fire control, radar techniques servo and hydraulic techniques |
| General subdivision | ME, EL, EE |
| 942 ## - ADDED ENTRY ELEMENTS (KOHA) | |
| Source of classification or shelving scheme | |
| Koha item type | Book |
| Withdrawn status | Lost status | Source of classification or shelving scheme | Damaged status | Not for loan | Permanent Location | Current Location | Shelving location | Date acquired | Total Checkouts | Full call number | Barcode | Date last seen | Price effective from | Koha item type |
|---|---|---|---|---|---|---|---|---|---|---|---|---|---|---|
| Pakistan Navy Engineering College (PNEC) | Pakistan Navy Engineering College (PNEC) | 623.558 PHI | PNECLIB-012776 | 10/06/2015 | Book | |||||||||
| Pakistan Navy Engineering College (PNEC) | Pakistan Navy Engineering College (PNEC) | 623.558 PHI | PNECLIB-012777 | 10/06/2015 | Book | |||||||||
| Pakistan Navy Engineering College (PNEC) | Pakistan Navy Engineering College (PNEC) | 623.558 PHI | PNECLIB-012778 | 10/06/2015 | Book | |||||||||
| Pakistan Navy Engineering College (PNEC) | Pakistan Navy Engineering College (PNEC) | 623.558 PHI | PNECLIB-012779 | 10/06/2015 | Book |
